| 000 | 00816nam a22002297a 4500 | ||
|---|---|---|---|
| 003 | OSt | ||
| 005 | 20141017163339.0 | ||
| 008 | 141009b xxu||||| |||| 00| 0 eng d | ||
| 020 | _a968-880-646-3 (obra completa) | ||
| 040 | _cBMC | ||
| 082 | _a658.15 | ||
| 100 | 1 |
_97841 _aVan Horne, James C. |
|
| 245 | 1 | 0 |
_aBiblioteca de administración financiera _cJames C. Van Horne ; traducción, Mª del Carmen Paniagua Gómez de Reyes ; revisor técnico, Alejandro Roberto Rodas Carpizo |
| 250 | _a9ª ed | ||
| 260 |
_aMéxico D.F. [etc.] _bPrentice Hall _c1996 |
||
| 300 |
_a3 v. _c26 cm |
||
| 594 | _1Traducción de: Financial Management and policy | ||
| 650 | 2 | 4 |
_95713 _aEmpresas _xFinanzas |
| 700 | 1 |
_926510 _aGómez de Reyes, Ma. del Carmen |
|
| 700 | 1 |
_95568 _aRodas Carpizo, Alejandro Roberto |
|
| 942 |
_2ddc _cBK |
||
| 999 |
_c14532 _d14532 |
||